Banková únia a hodnotenie jej komunikácie v printových médiách na Slovensku
Východiská a podstata bankovej únie. Komunikácia bankovej únie v tlačových médiách na Slovensku.
Uložené v:
| Hlavný autor: | |
|---|---|
| Ďalší autori: | |
| Médium: | Kapitola |
| Jazyk: | Slovak |
| Predmet: | |
| Tagy: |
Žiadne tagy, Buďte prvý, kto otaguje tento záznam!
|
MARC
| LEADER | 00000nla a2200000 4500 | ||
|---|---|---|---|
| 001 | 0195926 | ||
| 005 | 20240502083458.6 | ||
| 041 | 0 | |a slo | |
| 044 | |a CZ | ||
| 245 | 1 | 0 | |a Banková únia a hodnotenie jej komunikácie v printových médiách na Slovensku |c Zuzana Kittová, Edmund Fifek |
| 520 | |a Východiská a podstata bankovej únie. Komunikácia bankovej únie v tlačových médiách na Slovensku. | ||
| 610 | 2 | 0 | |a únie bankové |
| 610 | 2 | 0 | |a Slovensko |
| 610 | 2 | 0 | |a médiá |
| 610 | 2 | 0 | |a tlač |
| 610 | 2 | 0 | |a eurozóna |
| 610 | 2 | 0 | |a kríza finančná |
| 610 | 2 | 0 | |a komunikácia masmediálna |
| 100 | 1 | |a Kittová, Zuzana, 1975- | |
| 700 | 1 | |a Fifek, Edmund | |